Der zeitsparer / (Record no. 187100)

MARC details
000 -LEADER
campo de control de longitud fija 01064nam a2200265 i 4500
001 - NÚMERO DE CONTROL
campo de control 187100
003 - IDENTIFICADOR DE NÚMERO DE CONTROL
campo de control ES-MaACL
005 - FECHA Y HORA DE LA ÚLTIMA TRANSACCIÓN
campo de control 20230906222821.0
008 - DATOS DE LONGITUD FIJA--INFORMACIÓN GENERAL
campo de control de longitud fija 170417r19861914gw acf |||| |dger d
020 ## - NÚMERO INTERNACIONAL ESTÁNDAR DEL LIBRO
Número Internacional Estándar del Libro 3-925387-13-7
080 ## - NÚMERO DE LA CLASIFICACIÓN DECIMAL UNIVERSAL
Número de la Clasificación Decimal Universal 821.112.2 Tucholsky, Kurt 1.07
080 ## - NÚMERO DE LA CLASIFICACIÓN DECIMAL UNIVERSAL
Número de la Clasificación Decimal Universal 821.112.2-32"19"
100 1# - ENTRADA PRINCIPAL--NOMBRE DE PERSONA
Nombre de persona Tucholsky, Kurt.
9 (RLIN) 111625
245 14 - MENCIÓN DEL TÍTULO
Título Der zeitsparer /
Mención de responsabilidad, etc. grotesken von Ignaz Wrobel
Resto del título . Der studentenulk : eine beigabe zu Ignaz Wrobel, Der zeitsparer / Annemarie Stoltenberg.
246 10 - FORMA VARIANTE DEL TITULO
Título propio/Titulo breve Studentenulk
Resto del título : eine beigabe zu Ignaz Wrobel, Der zeitsparer
260 ## - PUBLICACIÓN, DISTRIBUCIÓN, ETC.
Lugar de publicación, distribución, etc. Hamburg :
Nombre del editor, distribuidor, etc. Galgenberg,
Fecha de publicación, distribución, etc. 1986.
300 ## - DESCRIPCIÓN FÍSICA
Extensión 23 p. ;
Dimensiones 23 cm +
Material acompañante/anejo 1 folleto (
Extensión 16 p. :
Otras características físicas il., retr.) + 1 h. de lám. col.
534 ## - NOTA SOBRE LA VERSIÓN ORIGINAL
Frase introductoria Reprod. facs. de la ed. de:
Publicación, distribución, etc. del original Berlin : Reuss & Pollack, 1914.
594 ## - Nota al título y mención de responsabilidad
Nota al título y mención de responsabilidad Ignaz Wrobel es seud. de Kurt Tucholsky.
597 ## - NOTA DE DESCRIPCIÓN FÍSICA
NOTA DE DESCRIPCIÓN FÍSICA Guardados en estuche.
599 ## - NOTA A LAS ILUSTRACIONES
NOTA A LAS ILUSTRACIONES La h. de lám. reprod. la il. de cub. y estuche.
600 14 - PUNTO DE ACCESO ADICIONAL DE MATERIA--NOMBRE DE PERSONA
Nombre de persona Tucholsky, Kurt.
9 (RLIN) 111625
700 1# - ENTRADA AGREGADA--NOMBRE PERSONAL
Nombre de persona Stoltenberg, Annemarie.
9 (RLIN) 162383
852 ## - LOCALIZACIÓN
Ubicación ES-MaACL
Número de control de estantería L-31419
Holdings
Estatus retirado Estado de pérdida Estado de daño No para préstamo Biblioteca de origen Biblioteca actual Ubicación en estantería Fecha de adquisición Fuente de adquisición Total de préstamos Signatura topográfica completa Código de barras Visto por última vez Precio de reemplazo Tipo de ítem Koha
        Biblioteca del Ateneo de Madrid Biblioteca del Ateneo de Madrid Depósito 2 17/04/2017     L-31419 1197388 23/02/2023 23/02/2023 Libro impreso